00691nam a2200181 a 450000100100000000500170001000800410002702000150006804000250008310000350010824500730014326000370021630000280025350400300028150000760031195201050038799900170049200004310820201002040638.0140219s1998 sp ac 000 0 spa d a8495080001 aDO-SdBNPbspacBNPHU1 aUtrera Macías, Rafael97064210aAzorín :bperiodismo Cinematográfico. /cRafael Utrera Macías. aBarcelona, :bFilm ideal,c1998. a257 p. :bil. ;c22 cm. aBibliografía p: 251-257 aIncluye datos biografícos del autor en la solapa de la contraportada. 001050718MOaGRbGRcCTd2014-02-19iLF1l0o p43108-10r2020-06-25w2020-06-25y1ZNo se presta c42597d42597